00739nam a2200205 a 450000100100000000500170001000800410002704000250006808200210009310000400011424500800015426000710023430000210030549000210032660000580034765000240040565000270042971000560045683000210051200001026320251120073732.0091006s1975 dr 000 0 spa d aDO-SdBNPbspacBNPHU aRD861.44bH557po aHernández Rueda, Lupo,d1930-201710aPor ahora :bantología poética (1948 - 1975) /cLupo Hernández Rueda. aSantiago de los Caballeros, República Dominicana :bUCMM,c1975. a369 p. ;c21 cm.1 aContemporáneos14aHERNÁNDEZ RUEDA, LUPPOxCRÍTICA E INTRPRETACIÓN 0aPoesía dominicana 0aLiteratura dominicana.2 aPontificia Universidad Católica Madre y Maestra  0aContemporáneos